1832 1560 1918 1261 1608 1954 1514 1281 1245 1600 1167 1003 1438 1478 1410 1668 1629 1107 1995 1149 1413 1172 1021 1474 1652 1378 1680 1721 1135 1693 1109 1788 1587 1284 1263 1184 1537 1604 1810 1826 1152 1281 1586 1950 1200 1267 1002 1047 1949 1171 1766 1889 1712 1862 1571 1984 1891 1554 1266 1198 1145 1776 1520 1737 1155 1681 1264 1223 1062 1499 1771 1355 1747 1138 1413 1479 1803 1706 1078 1791 1351 1154 1040 1592 1462 1737 1572 1895 1001 1332 1370 1972 1066 1495 1119 1378 1757 1085 1910 BCNSPRNW ULIB Ver.6.0+V

เปลี่ยนเป็นภาษาไทย

Change to English
 แสดงรายละเอียดบรรณานุกรม
  กลับหน้าหลัก

Brief Record : Get Marc (ISO 2709) : E-mail record : QR code < ปิดหน้าต่าง
LEADER : 00000nam 2200000uu 4500
001    13399112539
003     ULIB
008    110823s2552||||th 000 0 tha d
020    9786167024158
090    นว.^bน471M 2552
100 0  นามาเอะ
245 00 My Sweet Heart ป่วนหัวใจนายกะล่อน/^cนามาเอะ
250    พิมพ์ครั้งที่ 1
260    กรุงเทพฯ :^bแฮปปี้บุ๊คส์,^c2552
300    192 หน้า
710 1  แฮปปี้บุ๊คส์
945    ^p160^l0^i16291
995    กัณชพร
999    ^aใช้งานได้ทุกระบบ
รายการนี้ยังไม่มีแท็ก
คุณยังไม่ได้ล็อกอิน คุณสามารถมีกิจกรรมร่วมกับเว็บไซต์ได้ แต่ต้องล็อกอินก่อน ::
  ล็อกอิน

รายการสื่อสารสนเทศ

ลำดับที่ ประเภท เลขเรียก/บาร์โค้ด สถานที่ สถานะ
1. นวนิยาย
นวนิยาย
นว. น471M 2552  
  Barcode: 16291
ห้องสมุดวิทยาเขตสวรรค์ประชารักษ์
►นวนิยาย
บนชั้น
  ขอยืม

BibComment


ยังไม่เคยถูกคอมเมนท์

คอมเมนท์ทรัพยากรรายการนี้
  คอมเมนท์: My Sweet Heart ป่..


 Copyright 2026. Bcnsprnw @Library